| 000 | 00770nam a2200229Ii 4500 | ||
|---|---|---|---|
| 003 | JO-AjNU | ||
| 008 | 230605s9999||||xx |||||||||||||| ||und|| | ||
| 017 | _a2006/5/1256 | ||
| 020 | _a9957-00-266 | ||
| 040 |
_aJO-AjNU _bara _erda _cJO-AjNU |
||
| 041 | _aara | ||
| 050 | 1 | 4 | _aPJ6065.N87 2006 |
| 100 | 3 |
_aتاليف نصيرات،صالح, _eauthor _921606 |
|
| 245 | 0 | 0 | _aطرق تدريس العربية |
| 250 | _aط1 | ||
| 264 | 3 | 1 | _aعمان: دار الشروق، 2006 |
| 300 | _a264ص | ||
| 336 |
_atext _btxt _2rdacontent |
||
| 337 |
_aunmediated _bn _2rdamedia |
||
| 338 |
_avolume _bnc _2rdacarrier |
||
| 650 | 4 |
_aاللغة العربية-طرق التعلم-وسائل التدريس-المقررات الدراسية-التعلم-التربية _921607 |
|
| 999 |
_aA7533 _c11101 _d11101 |
||